| 000 | 00706nam a2200241 4500 | ||
|---|---|---|---|
| 999 |
_c8404 _d8404 |
||
| 001 | 22151 | ||
| 003 | BD-DhUAP | ||
| 005 | 20240307195559.0 | ||
| 008 | 240307b20012015ii a|||| |||| 001 0beng d | ||
| 020 | _a9780521736367 | ||
| 040 |
_aBD-DhUAP _bEng _cBD-DhUAP _dBD-DhUAP |
||
| 082 |
_223 _a428.24 MCC |
||
| 100 | _aMcCarthy, Michael | ||
| 245 |
_aEnglish vocabulary in use : _bupper-intermediate / _cMichael McCarthy and Felicity O'Dell. |
||
| 250 | _a2nd | ||
| 260 |
_aCambridge : _bCambridge University Press, _cc2001. |
||
| 300 |
_a309 p. : _bill. ; _c27 cm. |
||
| 650 | _aVocabulary | ||
| 650 | _aProblems exercises etc | ||
| 650 | _aEnglish language | ||
| 700 | _aO'Dell, Felicity | ||
| 942 |
_2ddc _cBK |
||